000 00685nam a2200133Ia 4500
008 220620s9999||||xx |||||||||||||| ||und||
020 _a9782890000000
245 0 _aIntegrative Learning in U.S. Undergraduate Public Health Education: Effective High-Impact Practices
546 _aEnglish[eng]
650 _ahigh-impact practices||integrative learning||student engagement||undergraduate public health education||workforce development
700 _aHarver, Andrew||Darby Hein, Katie||Lee Rhodes, Terrel
856 _uhttps://www.frontiersin.org/research-topics/8142/integrative-learning-in-us-undergraduate-public-health-education-effective-high-impact-practices#articles
942 _cEB
999 _c24469
_d24469